Most Popular Artists/Bands Worldwide By Song Streams - Statistics

General Stats
  • This quiz has been taken 21 times
  • The average score is 5 of 20
Answer Stats
Song Streams Artist/Band % Correct
32.2M Ariana Grande
74%
81.8M Taylor Swift
74%
51.7M Justin Bieber
68%
74.9M Drake
58%
39.5M The Weeknd
42%
48.7M Bad Bunny
32%
32.9M Eminem
32%
34.2M Post Malone
32%
50.4M Juice Wrld
26%
41.1M Lil Baby
11%
49.1M Morgan Wallen
11%
31.5M Lil Durk
5%
50.6M Polo G
5%
36.2M Pop Smoke
5%
31.4M Future
0%
32.9M Gunna
0%
54.8M Rod Wave
0%
44.1M YoungBoy Never Broke Again
0%
46.1M Young Stoner Life
0%
43.4M Young Thug
0%
No matching quizzes found
Score Distribution
Percent of People with Each Score
Percentile by Number Answered
Your Score History
You have not taken this quiz